Normal view
MARC view
- ادارة المشروعات-عقود(البوت)-الخصصة-جوانب اقتصادية-النقل-ادارة
Entry Topical Term
001 - CONTROL NUMBER
- control field: 32502
003 - CONTROL NUMBER IDENTIFIER
- control field: JO-AjAnu
005 - DATE AND TIME OF LATEST TRANSACTION
- control field: 20230606075449.0
008 - FIXED-LENGTH DATA ELEMENTS
- fixed length control field: 230606|| aca||aabn | a|a d
040 ## - CATALOGING SOURCE
- Original cataloging agency: JO-AjAnu
- Transcribing agency: JO-AjAnu
150 ## - HEADING--TOPICAL TERM
- Topical term or geographic name entry element: ادارة المشروعات-عقود(البوت)-الخصصة-جوانب اقتصادية-النقل-ادارة
670 ## - SOURCE DATA FOUND
- Source citation: Work cat.: (JO-AjAnu)16696: لاشين،عبدالقادر فتحي/فريق خبراء من المنظمة العربية للتنمية الادارية, author 32501, نظم المشاركة بين القطاعين العام والخاص في مشروعات البنية الاساسية للنقل:نماذج من بعض الدول